Indian writing in English : (Record no. 84508)

MARC details
000 -LEADER
fixed length control field 00639nam a22001937a 4500
005 - DATE AND TIME OF LATEST TRANSACTION
control field 20140728115715.0
010 ## - LCCN (DPL NO)
LC control number ENG-110076
020 ## - INTERNATIONAL STANDARD BOOK NUMBER
International Standard Book Number 9789380607979
Terms of availability 98.00
035 ## - SYSTEM CONTROL NUMBER
System control number EN-93609
037 ## - SOURCE OF ACQUISITION
Source of stock number/acquisition DBAD/PUB
082 ## - DEWEY DECIMAL CLASSIFICATION NUMBER
Classification number 880.8
245 ## - TITLE STATEMENT
Title Indian writing in English :
Statement of responsibility, etc edited by Anjana Neira Dev [and] Amrita Bhalla
Remainder of title an anthology of prose and poetry selections /
260 ## - PUBLICATION, DISTRIBUTION, ETC. (IMPRINT)
Place of publication, distribution, etc Delhi
Name of publisher, distributor, etc Primus Books
Date of publication, distribution, etc 2013
270 ## - ADDRESS
Address Virat Bhavan, Mukherjee Nagar Commercial Complex
City Delhi
Postal code 110009
300 ## - PHYSICAL DESCRIPTION
Extent vi,179p.
Dimensions 22cm(pbk)
700 ## - ADDED ENTRY--PERSONAL NAME
Personal name Anjana Neira Dev
700 ## - ADDED ENTRY--PERSONAL NAME
Personal name Bhalla,Amrita
942 ## - ADDED ENTRY ELEMENTS (KOHA)
Source of classification or shelving scheme Dewey Decimal Classification
Item type English Books
Call number suffix IND
Classification part 880.8
Holdings
Withdrawn status Lost status Not for loan Collection code Home library Current library Date acquired Source of acquisition Cost, normal purchase price Full call number Barcode Copy number Cost, replacement price Koha item type
    Not For Loan Non-fiction D.B.Act.Division D.B.Act.Division 23/05/2014 DBAD/PUB 98.00 880.8 IND EN-93609 1 98.00 English Books

© Delhi Public Library
Hit Counter
free hit counter